Top 10 des meilleurs buteurs de l'Histoire de Manchester City - Statistiques

Statistiques générales
  • Ce quiz a été pris 630 fois
  • Le résultat moyen est 1 sur 10
Statistiques - réponses
Buts marqués Joueurs % Correct
260 Sergio Agüero
100%
153 Colin Bell
6%
148 Francis Lee
1%
132 Billie Gillespie
0%
152 Billy Meredith
0%
177 Eric Brook
0%
132 Fred Tilson
0%
152 Joe Hayes
0%
139 Tommy Browell
0%
166 Tommy Johnson
0%
Aucun quiz correspondant
Distribution des résultats
% des personnes avec chaque résultat
Percentile par nombre de réponses
Votre historique - résultats
Vous n’avez pas pris ce quiz